000 00667nam a2200205 i 4500
001 128204
003 ES-MaACL
005 20250707073850.0
007 t|
008 070625s1952 sp ||||1| spa d
080 _a61 (Torres Villarroel, Diego de)
100 1 _aGranjel, Luis S.
_959645
245 1 3 _aLa medicina y los médicos en las obras de Torres Villarroel /
_cLuis S. Granjel.
260 _aSalamanca :
_bUniversidad,
_c1952.
300 _a81 p. ;
_c24 cm.
490 1 _aActa Salmanticensia. Medicina ;
_vI, 6
830 0 0 _aActa Salmanticensia. Medicina
_vI, 6
_9182112
852 _aES-MaACL
_j1977-F-23
_bR.38502
999 _c128204
_d128204